| 000 | 00528cam a2200205ua 4500 | ||
|---|---|---|---|
| 020 | _a0-19-562659-1 | ||
| 041 |
_aeng _h |
||
| 082 |
_a423 _bFOW/CO |
||
| 100 | _aFowler, H.W . | ||
| 245 | 0 | 0 |
_aConcise Oxford dictionary of current English / _cH.W Fowler. _hTextual Documents |
| 250 |
_a8 / _b. |
||
| 260 |
_aNew Delhi : _bOxford University Press , _c1992. |
||
| 300 | _a1454 ; . | ||
| 500 | _a17892, 17893, CSS | ||
| 504 | _a | ||
| 700 | 1 | _aFowler, F.G . | |
| 942 | _cBK | ||
| 999 |
_c8823 _d8823 |
||